Normal view
MARC view
Entry Personal Name
001 - CONTROL NUMBER
- control field: 142787
003 - CONTROL NUMBER IDENTIFIER
- control field: OSt
005 - DATE AND TIME OF LATEST TRANSACTION
- control field: 20231121162839.0
008 - FIXED-LENGTH DATA ELEMENTS
- fixed length control field: 231121|| aca||aabn | a|a d
040 ## - CATALOGING SOURCE
- Original cataloging agency: OSt
- Transcribing agency: OSt
100 ## - HEADING--PERSONAL NAME
- Personal name: VIVEKA RAI (B A)
670 ## - SOURCE DATA FOUND
- Source citation: Work cat.: (OSt)104656: VIVEKA RAI (B A)., Bhutaradhaneya bannagarike., 2001